The Best Airlines in Australia/Pacific 2025 - Statistics

General Stats
  • This quiz has been taken 62 times
  • The average score is 5 of 10
Answer Stats
Rank Airline % Correct
1 Qantas Airways
98%
2 Air New Zealand
89%
3 Fiji Airways
72%
5 Jetstar Airways
66%
4 Virgin Australia
62%
8 Air Tahiti
38%
9 Air Niugini
25%
6 QantasLink
23%
10 AirCalin
17%
7 Air Tahiti Nui
13%
No matching quizzes found
Score Distribution
Percent of People with Each Score
Percentile by Number Answered
Your Score History
You have not taken this quiz